[Event "Wch U18 Girls"]
[Site "Maribor"]
[Date "2012.11.17"]
[Round "10.22"]
[White "Yashchenko, Olena"]
[Black "Turkova, Karolina"]
[Result "0-1"]
[WhiteElo "1879"]
[BlackElo "1993"]
[PlyCount "60"]
[EventDate "2012.11.08"]
[EventType "swiss"]
[EventRounds "11"]
[EventCountry "SLO"]
[SourceTitle "EXT 2013"]
[Source "ChessBase"]
[SourceDate "2012.11.22"]
[SourceVersion "1"]
[SourceVersionDate "2012.11.22"]
[SourceQuality "1"]

1. d4 d5 2. c4 e6 3. Nc3 Nf6 4. Nf3 Nbd7 5. e3 a6 6. Qc2 Bd6 7. c5 Be7 8. Bd3 c6 9. 0-0 0-0 10. b4 Qc7 11. Bb2 Re8 12. a4 Bf8 13. b5 g6 14. bxa6 bxa6 15. a5 e5 16. dxe5 Ng4 17. Na4 Ndxe5 18. Nxe5 Nxe5 19. Nb6 Rb8 20. Rfb1 Ng4 21. g3 Bh6 22. Qc3 f6 23. h3 Bxe3 24. Kg2 Bxf2 25. Be4 Rxe4 26. hxg4 Re3 27. Qxe3 Bxe3 28. Bxf6 Bxg4 29. Ra4 Bf5 30. Re1 Bxc5 0-1

[Event "Wch U18 Girls"]
[Site "Maribor"]
[Date "2012.11.10"]
[Round "3.17"]
[White "Leks, Maria"]
[Black "Yashchenko, Olena"]
[Result "1-0"]
[WhiteElo "2069"]
[BlackElo "1879"]
[PlyCount "65"]
[EventDate "2012.11.08"]
[EventType "swiss"]
[EventRounds "11"]
[EventCountry "SLO"]
[SourceTitle "EXT 2013"]
[Source "ChessBase"]
[SourceDate "2012.11.22"]
[SourceVersion "1"]
[SourceVersionDate "2012.11.22"]
[SourceQuality "1"]

1. e4 c6 2. d4 d5 3. Nc3 dxe4 4. Nxe4 Bf5 5. Ng3 Bg6 6. h4 h6 7. f4 e6 8. Nf3 Nf6 9. h5 Bh7 10. Bd3 Bxd3 11. Qxd3 Bd6 12. Bd2 Nbd7 13. 0-0-0 Qc7 14. Ne5 Rf8 15. c4 0-0-0 16. Qe2 c5 17. Bc3 cxd4 18. Rxd4 Bc5 19. Rdd1 Nb6 20. b3 Ba3+ 21. Kb1 Rxd1+ 22. Rxd1 Nbd5 23. cxd5 Qxc3 24. d6 Nd5 25. Ne4 Kd8 26. Nc4 Qb4 27. Rxd5 f5 28. Nc5 Re8 29. Nxe6+ Kd7 30. Nf8+ Rxf8 31. Qe7+ Kc6 32. Rd1 Rc8 33. d7 1-0

[Event "Wch U16 Girls"]
[Site "Maribor"]
[Date "2012.11.08"]
[Round "1.15"]
[White "Severina, Maria"]
[Black "Yashchenko, Olena"]
[Result "1-0"]
[WhiteElo "2196"]
[BlackElo "1879"]
[PlyCount "79"]
[EventDate "2012.11.08"]
[EventType "swiss"]
[EventRounds "11"]
[EventCountry "SLO"]
[SourceTitle "EXT 2013"]
[Source "ChessBase"]
[SourceDate "2012.11.22"]
[SourceVersion "1"]
[SourceVersionDate "2012.11.22"]
[SourceQuality "1"]

1. d4 Nf6 2. Nf3 e6 3. c4 b6 4. g3 Bb7 5. Bg2 Bb4+ 6. Bd2 Be7 7. Nc3 0-0 8. Qc2 d5 9. 0-0 Nbd7 10. Rfd1 Ne4 11. cxd5 exd5 12. Nxe4 dxe4 13. Ne5 Nf6 14. Bg5 Re8 15. Bxf6 Bxf6 16. Bxe4 Bxe4 17. Qxe4 Qe7 18. f4 c5 19. e3 cxd4 20. exd4 Qb4 21. Qc2 Rac8 22. Qb3 Qxb3 23. axb3 Rc2 24. Rdc1 Rxb2 25. Rxa7 Rd8 26. Rcc7 h6 27. Rd7 Rxd7 28. Rxd7 Rxb3 29. d5 b5 30. Rb7 Rb1+ 31. Kg2 b4 32. d6 Rd1 33. Rb8+ Kh7 34. Nxf7 b3 35. Rxb3 Kg8 36. Rb7 Rd5 37. Kf3 Rd1 38. Ke4 h5 39. Kf5 h4 40. Kg6 1-0

[Event "EU-ch U18 Girls"]
[Site "Albena"]
[Date "2011.09.19"]
[Round "8"]
[White "Yashchenko, Olena"]
[Black "Panic, Anastasija"]
[Result "1/2-1/2"]
[WhiteElo "1830"]
[BlackElo "1875"]
[PlyCount "64"]
[EventDate "2011.09.11"]
[EventType "swiss"]
[EventRounds "9"]
[EventCountry "BUL"]
[SourceTitle "CBM 144 Extra"]
[Source "ChessBase"]
[SourceDate "2011.10.28"]
[SourceVersion "1"]
[SourceVersionDate "2011.10.28"]
[SourceQuality "1"]

1. d4 Nf6 2. c4 e6 3. Nf3 b6 4. Bf4 Bb7 5. Nc3 Bb4 6. Qb3 Bxc3+ 7. Qxc3 Ne4 8. Qc2 0-0 9. e3 d6 10. Bd3 f5 11. 0-0 g5 12. Bg3 Nxg3 13. hxg3 Nd7 14. d5 Nc5 15. dxe6 Nxd3 16. Qxd3 Bxf3 17. gxf3 Qe7 18. Kg2 Qxe6 19. Rh1 h6 20. Rh5 Rf6 21. Rah1 Raf8 22. g4 Kg7 23. Qd4 Rh8 24. f4 c5 25. Qc3 Rhf8 26. fxg5 hxg5 27. Rxg5+ Kf7 28. f4 Qe4+ 29. Kg1 Qb1+ 30. Kg2 Qe4+ 31. Kg1 Qb1+ 32. Kg2 Qe4+ 1/2-1/2

[Event "EU-ch U18 Girls"]
[Site "Albena"]
[Date "2011.09.18"]
[Round "7"]
[White "Kolaric, Spela"]
[Black "Yashchenko, Olena"]
[Result "1-0"]
[WhiteElo "2102"]
[BlackElo "1830"]
[PlyCount "75"]
[EventDate "2011.09.11"]
[EventType "swiss"]
[EventRounds "9"]
[EventCountry "BUL"]
[SourceTitle "CBM 144 Extra"]
[Source "ChessBase"]
[SourceDate "2011.10.28"]
[SourceVersion "1"]
[SourceVersionDate "2011.10.28"]
[SourceQuality "1"]

1. d4 Nf6 2. c4 e6 3. g3 d5 4. Nf3 b6 5. Bg2 Bb7 6. 0-0 Be7 7. Qc2 0-0 8. Rd1 Qc8 9. Bf4 dxc4 10. Qxc4 c5 11. Nc3 Nbd7 12. Rac1 cxd4 13. Qxc8 Raxc8 14. Nxd4 Bxg2 15. Kxg2 Bc5 16. Nb3 Rfd8 17. Nb5 Nd5 18. Nxa7 Ra8 19. Nc6 Rdc8 20. Nxc5 Nxc5 21. Rxd5 Rxc6 22. Rd2 Rcc8 23. Rdc2 Re8 24. b3 e5 25. Be3 f6 26. Rd1 Ra7 27. Rd6 Rb8 28. Rc6 Nd7 29. a4 Nc5 30. Rc3 Rab7 31. a5 Nd7 32. b4 Kf7 33. a6 Ra7 34. b5 Ke7 35. Bc1 Kd8 36. Ba3 Raa8 37. Bd6 Rc8 38. Be7+ 1-0

[Event "EU-ch U18 Girls"]
[Site "Albena"]
[Date "2011.09.12"]
[Round "2"]
[White "Yashchenko, Olena"]
[Black "Perera Borrego, Mariela"]
[Result "0-1"]
[WhiteElo "1830"]
[BlackElo "2080"]
[PlyCount "68"]
[EventDate "2011.09.11"]
[EventType "swiss"]
[EventRounds "9"]
[EventCountry "BUL"]
[SourceTitle "CBM 144 Extra"]
[Source "ChessBase"]
[SourceDate "2011.10.28"]
[SourceVersion "1"]
[SourceVersionDate "2011.10.28"]
[SourceQuality "1"]

1. d4 d5 2. c4 c6 3. Nf3 Nf6 4. Nc3 a6 5. c5 g6 6. Bf4 Bg7 7. e3 Bf5 8. Bd3 Bxd3 9. Qxd3 Nbd7 10. 0-0 0-0 11. h3 Re8 12. b4 Nh5 13. Bh2 e5 14. dxe5 Nxe5 15. Nxe5 Bxe5 16. Bxe5 Rxe5 17. Rad1 Qh4 18. Qd4 Qxd4 19. Rxd4 Rae8 20. a4 Ng7 21. Rb1 Ne6 22. Rd3 a5 23. f4 Rh5 24. Nd1 axb4 25. Rc1 d4 26. Rc4 Nxc5 27. Rdxd4 Nxa4 28. Rd7 Nb6 29. Rcd4 Nxd7 30. Rxd7 Rd5 31. Rxd5 cxd5 32. Kf2 Rc8 33. g4 b3 34. Kf3 Rc2 0-1

[Event "Lvov Spring Cup LCC"]
[Site "Lvov"]
[Date "2011.04.30"]
[Round "4"]
[White "Khrinovskyi, Oleksiy"]
[Black "Yashchenko, Olena"]
[Result "1-0"]
[WhiteElo "2106"]
[BlackElo "1768"]
[PlyCount "66"]
[EventDate "2011.04.29"]
[EventType "swiss"]
[EventRounds "9"]
[EventCountry "UKR"]
[SourceTitle "CBM 142 Extra"]
[Source "ChessBase"]
[SourceDate "2011.06.27"]
[SourceVersion "1"]
[SourceVersionDate "2011.06.27"]
[SourceQuality "1"]

1. d4 Nf6 2. c4 e6 3. Nf3 b6 4. a3 Bb7 5. Nc3 Be7 6. Bg5 0-0 7. e3 d5 8. cxd5 Nxd5 9. Bxe7 Qxe7 10. Rc1 Rc8 11. Bc4 Nf6 12. Rc2 Nbd7 13. 0-0 Ne4 14. d5 Nxc3 15. Rxc3 exd5 16. Bxd5 Bxd5 17. Qxd5 c5 18. Qb7 Qd6 19. Qa6 Nf6 20. Rd3 Qc7 21. Rfd1 h6 22. h3 c4 23. Rc3 Ne4 24. Rc2 Rab8 25. Nd4 Nd6 26. Nb5 Nxb5 27. Qxb5 Qc6 28. Qxc6 Rxc6 29. Rd7 a6 30. Kf1 Rbc8 31. Ra7 b5 32. Ke2 Kf8 33. Rd2 R8c7 1-0

[Event "EU-ch U16 Girls"]
[Site "Batumi"]
[Date "2010.09.23"]
[Round "5"]
[White "Kukic, Lora"]
[Black "Yashchenko, Olena"]
[Result "1/2-1/2"]
[WhiteElo "1740"]
[BlackElo "1762"]
[PlyCount "77"]
[EventDate "2010.09.20"]
[EventType "swiss"]
[EventRounds "9"]
[EventCountry "GEO"]
[SourceTitle "CBM 138 Extra"]
[Source "ChessBase"]
[SourceDate "2010.10.29"]
[SourceVersion "1"]
[SourceVersionDate "2010.10.29"]
[SourceQuality "1"]

1. d4 Nf6 2. Nf3 e6 3. c4 b6 4. Bg5 Be7 5. Nc3 Bb7 6. Qc2 0-0 7. e4 d5 8. e5 Ne4 9. Bxe7 Qxe7 10. Bd3 Nxc3 11. Bxh7+ Kh8 12. bxc3 dxc4 13. Be4 Bxe4 14. Qxe4 Nd7 15. Qc6 Rac8 16. 0-0 Nb8 17. Qxc4 Rfd8 18. Qd3 c5 19. Qe3 cxd4 20. cxd4 Nc6 21. Ng5 Kg8 22. f4 Nxd4 23. Qh3 Qc5 24. Qh7+ Kf8 25. Ne4 Qc2 26. Qh8+ Ke7 27. Qh4+ Kf8 28. Nd6 Rb8 29. Qh8+ Ke7 30. Qxg7 Qg6 31. Qxg6 fxg6 32. g4 Rh8 33. Rf2 Rh4 34. g5 Rbh8 35. Rc1 R8h5 36. Rc7+ Kd8 37. Rxa7 Rxf4 38. Ra8+ Kd7 39. Rxf4 1/2-1/2

[Event "EU-ch U16 Girls"]
[Site "Batumi"]
[Date "2010.09.20"]
[Round "1"]
[White "Yashchenko, Olena"]
[Black "Leks, Maria"]
[Result "1-0"]
[WhiteElo "1762"]
[BlackElo "2052"]
[PlyCount "75"]
[EventDate "2010.09.20"]
[EventType "swiss"]
[EventRounds "9"]
[EventCountry "GEO"]
[SourceTitle "CBM 138 Extra"]
[Source "ChessBase"]
[SourceDate "2010.10.29"]
[SourceVersion "1"]
[SourceVersionDate "2010.10.29"]
[SourceQuality "1"]

1. d4 d5 2. c4 dxc4 3. Nc3 Nf6 4. Bf4 Bf5 5. e3 e6 6. Nf3 Nd5 7. Bxc4 Nxf4 8. exf4 Bd6 9. 0-0 c6 10. Ne5 0-0 11. Qb3 b5 12. Be2 Qb6 13. Rfd1 Rd8 14. Bf3 Bxe5 15. dxe5 Na6 16. Ne4 Bxe4 17. Bxe4 Nc5 18. Qc2 Nxe4 19. Qxe4 Rd5 20. Rxd5 exd5 21. Qe2 c5 22. f5 Re8 23. Re1 d4 24. e6 fxe6 25. fxe6 c4 26. Qe4 Qc5 27. Qb7 Qf5 28. Qd7 Qg6 29. f4 d3 30. f5 Qh5 31. h3 Rb8 32. e7 Qe8 33. Qe6+ Kh8 34. f6 d2 35. Rd1 Qh5 36. Rxd2 Qc5+ 37. Kh1 Qc7 38. e8Q+ 1-0

[Event "Kiev Independence Cup-A 10th"]
[Site "Kiev"]
[Date "2010.08.20"]
[Round "9"]
[White "Yashchenko, Olena"]
[Black "Semenets, Grigoriy"]
[Result "1/2-1/2"]
[WhiteElo "1763"]
[BlackElo "2175"]
[PlyCount "101"]
[EventDate "2010.08.12"]
[EventType "swiss"]
[EventRounds "11"]
[EventCountry "UKR"]
[SourceTitle "CBM 138 Extra"]
[Source "ChessBase"]
[SourceDate "2010.10.29"]
[SourceVersion "1"]
[SourceVersionDate "2010.10.29"]
[SourceQuality "1"]

1. d4 Nf6 2. c4 e6 3. Nf3 d5 4. Bf4 Nbd7 5. Nc3 c6 6. e3 Be7 7. Rc1 0-0 8. Bd3 dxc4 9. Bxc4 Nd5 10. Nxd5 exd5 11. Bd3 Nf6 12. 0-0 Bg4 13. h3 Bh5 14. a3 Ne4 15. b4 Bxf3 16. gxf3 Ng5 17. Bxg5 Bxg5 18. f4 Be7 19. Kh2 f5 20. Qh5 Qe8 21. Qf3 Kh8 22. Rg1 a5 23. Qg3 g6 24. h4 axb4 25. axb4 Qf7 26. h5 g5 27. fxg5 Qxh5+ 28. Qh3 Qxh3+ 29. Kxh3 f4 30. g6 hxg6 31. Rxg6 Rf6 32. Rxf6 Bxf6 33. b5 cxb5 34. Bxb5 fxe3 35. fxe3 Ra3 36. Rc8+ Kg7 37. Rc7+ Kg6 38. Rxb7 Rxe3+ 39. Kg4 Re4+ 40. Kf3 Rxd4 41. Rd7 Kf5 42. Bc6 Rf4+ 43. Kg3 d4 44. Rd5+ Be5 45. Kg2 Rh4 46. Kf3 Rh3+ 47. Kf2 Rc3 48. Bb7 Kf4 49. Ke2 Re3+ 50. Kd2 Rb3 51. Bc6 1/2-1/2

[Event "UKR-ch U18 Girls"]
[Site "Kiev"]
[Date "2010.01.29"]
[Round "5"]
[White "Yashchenko, Olena"]
[Black "Osmak, Iulija"]
[Result "0-1"]
[WhiteElo "1645"]
[BlackElo "1876"]
[PlyCount "64"]
[EventDate "2010.01.26"]
[EventType "swiss"]
[EventRounds "11"]
[EventCountry "UKR"]
[SourceTitle "CBM 134 Extra"]
[Source "ChessBase"]
[SourceDate "2010.03.03"]
[SourceVersion "1"]
[SourceVersionDate "2010.03.03"]
[SourceQuality "1"]

1. d4 Nc6 2. c4 e5 3. d5 Nce7 4. Nc3 d6 5. Nf3 Ng6 6. e4 Nf6 7. Bd3 Be7 8. 0-0 0-0 9. b4 h6 10. Qc2 Nh5 11. Ne2 Bg4 12. Ne1 Nhf4 13. f3 Bd7 14. c5 Nxd3 15. Nxd3 f5 16. Be3 Bg5 17. Bf2 fxe4 18. fxe4 Qe7 19. a4 h5 20. b5 h4 21. b6 cxb6 22. cxb6 Rac8 23. Qb3 a6 24. h3 Bd2 25. Rab1 Qg5 26. Kh1 Rf6 27. Rbd1 Rcf8 28. Qc2 Be3 29. Ng1 Bxf2 30. Rxf2 Rxf2 31. Nxf2 Bxa4 32. Qxa4 Rxf2 0-1

[Event "UKR-ch U18 Girls"]
[Site "Kiev"]
[Date "2010.01.26"]
[Round "1"]
[White "Korniyuk, Mariya"]
[Black "Yashchenko, Olena"]
[Result "1-0"]
[WhiteElo "2067"]
[BlackElo "1645"]
[PlyCount "61"]
[EventDate "2010.01.26"]
[EventType "swiss"]
[EventRounds "11"]
[EventCountry "UKR"]
[SourceTitle "CBM 134 Extra"]
[Source "ChessBase"]
[SourceDate "2010.03.03"]
[SourceVersion "1"]
[SourceVersionDate "2010.03.03"]
[SourceQuality "1"]

1. e4 c6 2. d4 d5 3. exd5 cxd5 4. c4 Nf6 5. Nc3 e6 6. Nf3 Nc6 7. c5 Be7 8. Bb5 0-0 9. Bf4 Bd7 10. 0-0 b6 11. Bxc6 Bxc6 12. Ne5 Rc8 13. b4 bxc5 14. bxc5 Bb7 15. Qa4 Nh5 16. Be3 f6 17. Nd3 g5 18. Qxa7 Bc6 19. a4 Qe8 20. Rfb1 Bd8 21. Rb8 Rf7 22. Qxf7+ Kxf7 23. Rxc8 Qd7 24. Rb8 Bc7 25. Rb2 e5 26. Nb4 exd4 27. Bxd4 Ba8 28. Nb5 Bf4 29. Rc2 Qg4 30. c6 Ng7 31. Nxd5 1-0

[Event "UKR-ch sf U16 Girls"]
[Site "Nikolaev"]
[Date "2009.12.06"]
[Round "3"]
[White "Yashchenko, Olena"]
[Black "Dudrova, Anastasia"]
[Result "1/2-1/2"]
[WhiteElo "1718"]
[BlackElo "2112"]
[PlyCount "86"]
[EventDate "2009.12.04"]
[EventType "swiss"]
[EventRounds "9"]
[EventCountry "UKR"]
[SourceTitle "EXT 2011"]
[Source "ChessBase"]
[SourceDate "2010.11.26"]
[SourceVersion "1"]
[SourceVersionDate "2010.11.26"]
[SourceQuality "1"]

1. d4 d5 2. c4 dxc4 3. Nf3 a6 4. a4 Nf6 5. Nc3 Nc6 6. e3 Bg4 7. Bxc4 e6 8. 0-0 Bd6 9. h3 Bh5 10. Be2 Bb4 11. Qc2 Bg6 12. Bd3 Bxd3 13. Qxd3 e5 14. Qe2 exd4 15. exd4+ Qe7 16. Re1 0-0-0 17. Qc4 Qd7 18. Bg5 h6 19. Bxf6 Bxc3 20. Bxd8 Bxe1 21. Rxe1 Rxd8 22. Rc1 Qd5 23. Qc3 Rd7 24. Re1 Kd8 25. Qa3 Qd6 26. Qb3 Na5 27. Qe3 Re7 28. Ne5 Qf6 29. Qc3 Nc6 30. Nxc6+ Qxc6 31. Rxe7 Kxe7 32. Qxc6 bxc6 33. Kf1 Kd6 34. Ke2 Kd5 35. Kd3 c5 36. dxc5 Kxc5 37. Kc3 a5 38. f4 g6 39. g4 f6 40. h4 g5 41. hxg5 hxg5 42. fxg5 fxg5 43. Kd3 Kd5 1/2-1/2

[Event "EU-ch U16 Girls 19th"]
[Site "Fermo"]
[Date "2009.09.07"]
[Round "7"]
[White "Turkova, Karolina"]
[Black "Yashchenko, Olena"]
[Result "1-0"]
[WhiteElo "1787"]
[BlackElo "1645"]
[PlyCount "71"]
[EventDate "2009.08.31"]
[EventType "swiss"]
[EventRounds "9"]
[EventCountry "ITA"]
[SourceTitle "CBM 132 Extra"]
[Source "ChessBase"]
[SourceDate "2009.11.03"]
[SourceVersion "1"]
[SourceVersionDate "2009.11.03"]
[SourceQuality "1"]

1. e4 c6 2. d4 d5 3. exd5 cxd5 4. c4 Nf6 5. Nc3 e6 6. Nf3 Nc6 7. a3 g6 8. Bg5 Bg7 9. cxd5 exd5 10. Be2 0-0 11. 0-0 Be6 12. Rc1 Rc8 13. Re1 h6 14. Bf4 Ne4 15. h3 f5 16. h4 Kh7 17. g3 Bf6 18. Kg2 g5 19. hxg5 hxg5 20. Rh1+ Kg6 21. Ne5+ Nxe5 22. Bxe5 Bxe5 23. dxe5 Qb6 24. Bh5+ Kg7 25. Nxe4 dxe4 26. Qd2 Qd8 27. Qb4 Rxc1 28. Rxc1 b6 29. Qa4 Qb8 30. Qd4 g4 31. Rc6 Rd8 32. Qe3 Bd5 33. Qh6+ Kg8 34. Rg6+ Kf7 35. Rg7+ Kf8 36. Qh8+ 1-0

[Event "Kiev Independence Cup-A 9th"]
[Site "Kiev"]
[Date "2009.08.16"]
[Round "4"]
[White "Yashchenko, Olena"]
[Black "Gorlovetsky, Stanislav"]
[Result "1/2-1/2"]
[WhiteElo "1645"]
[BlackElo "2173"]
[PlyCount "97"]
[EventDate "2009.08.13"]
[EventType "swiss"]
[EventRounds "11"]
[EventCountry "UKR"]
[SourceTitle "CBM 131 Extra"]
[Source "ChessBase"]
[SourceDate "2009.09.03"]
[SourceVersion "2"]
[SourceVersionDate "2009.09.16"]
[SourceQuality "1"]

1. d4 Nf6 2. c4 c5 3. Nf3 cxd4 4. Nxd4 Nc6 5. Nc3 d6 6. e3 e6 7. Be2 Be7 8. 0-0 0-0 9. Bf3 Ne5 10. Be2 a6 11. b3 Qc7 12. Bb2 b6 13. Rc1 Bb7 14. Qd2 Rfe8 15. f4 Ned7 16. Bf3 Rad8 17. a3 Bf8 18. Rfd1 Bxf3 19. Nxf3 Nc5 20. Qc2 Qb7 21. Nd4 d5 22. b4 Ncd7 23. cxd5 exd5 24. Qd3 b5 25. Nf3 Qa7 26. Re1 Nb6 27. Ne2 Nc4 28. Bxf6 gxf6 29. Ned4 Qd7 30. Rc3 a5 31. bxa5 b4 32. Rcc1 bxa3 33. Nc2 Qa7 34. Nd2 Qxa5 35. Nxc4 dxc4 36. Qxc4 Rc8 37. Qa2 Rc3 38. Rb1 Qc5 39. Rb7 Qc4 40. Qxc4 Rxc4 41. Ra1 Bc5 42. Rb3 Rxf4 43. Ra2 Ra4 44. Ra1 Rd8 45. Ra2 Rc4 46. Nd4 Re8 47. Kf2 f5 48. Kf3 Bxd4 49. exd4 1/2-1/2

[Event "Kiev Independence Cup-A 9th"]
[Site "Kiev"]
[Date "2009.08.14"]
[Round "2"]
[White "Yashchenko, Olena"]
[Black "Riabko, Mykyta"]
[Result "1-0"]
[WhiteElo "1645"]
[BlackElo "2072"]
[PlyCount "81"]
[EventDate "2009.08.13"]
[EventType "swiss"]
[EventRounds "11"]
[EventCountry "UKR"]
[SourceTitle "CBM 131 Extra"]
[Source "ChessBase"]
[SourceDate "2009.09.03"]
[SourceVersion "2"]
[SourceVersionDate "2009.09.16"]
[SourceQuality "1"]

1. d4 f5 2. c4 Nf6 3. Nc3 d6 4. Nf3 g6 5. e3 Bg7 6. Be2 0-0 7. 0-0 Nc6 8. a3 Qe8 9. b4 e5 10. b5 Nb8 11. dxe5 dxe5 12. Rb1 Nbd7 13. Bb2 e4 14. Ng5 Qe7 15. Nd5 Qd6 16. Nxf6+ Bxf6 17. Qxd6 cxd6 18. Ne6 Rf7 19. Rfd1 Be7 20. Nc7 Rb8 21. c5 d5 22. Nxd5 Nxc5 23. Nxe7+ Rxe7 24. Rd8+ Kf7 25. Rc1 b6 26. Bc4+ Ne6 27. Bxe6+ Kxe6 28. Rcxc8 Rbb7 29. Rc6+ Kf7 30. Rf6+ Kg7 31. Rxb6+ Kh6 32. Rxb7 Rxb7 33. a4 Rb6 34. Rd7 a6 35. Bd4 Rb8 36. b6 Rc8 37. Rc7 Rb8 38. b7 a5 39. Ba7 Rd8 40. h3 Rd1+ 41. Kh2 1-0